Normal view
MARC view
- Kunte S.S
Entry Personal Name
001 - CONTROL NUMBER
- control field: 211891
003 - CONTROL NUMBER IDENTIFIER
- control field: OSt
005 - DATE AND TIME OF LATEST TRANSACTION
- control field: 20250408131118.0
008 - FIXED-LENGTH DATA ELEMENTS
- fixed length control field: 250408|| aca||aabn | a|a d
040 ## - CATALOGING SOURCE
- Original cataloging agency: OSt
- Transcribing agency: OSt
100 ## - HEADING--PERSONAL NAME
- Personal name: Kunte S.S
670 ## - SOURCE DATA FOUND
- Source citation: Work cat.: (OSt)365642: Kunte S.S., संस्कार कथा , 2024